Распределение нефтяных и газовых месторождений на больших глубинах; Известия Томского политехнического института [Известия ТПИ]; Т. 281 : Геология

Dettagli Bibliografici
Parent link:Известия Томского политехнического института [Известия ТПИ]/ Томский политехнический институт (ТПИ).— , 1944-1976
Т. 281 : Геология.— 1976.— [С. 134-137]
Autore principale: Гуляев С. Н.
Riassunto:Заглавие с титульного листа
Электронная версия печатной публикации
Описывается распределение нефтяных и газовых залежей на больших глубинах, отмечается, что с увеличением глубины залегания увеличивается доля газоконденсатных залежей.
Lingua:russo
Pubblicazione: 1976
Soggetti:
Accesso online:Черно-белая версия для предварительного просмотра
Цветная версия без потери качества
Natura: MixedMaterials Elettronico Capitolo di libro
KOHA link:https://koha.lib.tpu.ru/cgi-bin/koha/opac-detail.pl?biblionumber=238832

MARC

LEADER 00000nla2a2200000 4500
001 238832
005 20231031205235.0
035 |a (RuTPU)RU\TPU\book\260040 
035 |a RU\TPU\book\260039 
090 |a 238832 
100 |a 20130531d1976 k y0rusy50 ca 
101 0 |a rus 
102 |a RU 
135 |a drnn ---uucaa 
181 0 |a i  
182 0 |a b 
200 1 |a Распределение нефтяных и газовых месторождений на больших глубинах  |b Электронный ресурс  |f С. Н. Гуляев 
203 |a Текст  |c электронный 
215 |a 2 файла (247 Кб, 6.5 Мб) 
230 |a Электронные текстовые данные (2 файла : 247 Кб, 6.5 Мб) 
300 |a Заглавие с титульного листа 
300 |a Электронная версия печатной публикации 
320 |a [Библиогр.: с. 136-137 (15 назв.)] 
330 |a Описывается распределение нефтяных и газовых залежей на больших глубинах, отмечается, что с увеличением глубины залегания увеличивается доля газоконденсатных залежей. 
337 |a Adobe Reader 
461 1 |0 (RuTPU)RU\TPU\book\200995  |t Известия Томского политехнического института [Известия ТПИ]  |f Томский политехнический институт (ТПИ)  |d 1944-1976 
463 1 |0 (RuTPU)RU\TPU\book\259635  |t Т. 281 : Геология  |v [С. 134-137]  |d 1976  |p 149 с. 
610 1 |a электронный ресурс 
610 1 |a труды учёных ТПУ 
675 |a 553.981  |v 3 
700 1 |a Гуляев  |b С. Н. 
801 1 |a RU  |b 63413507  |c 20090320  |g PSBO 
801 2 |a RU  |b 63413507  |c 20130618  |g PSBO 
856 4 |u http://www.lib.tpu.ru/fulltext/v/Bulletin_TPU/1976/v281/25_bw.pdf  |z Черно-белая версия для предварительного просмотра 
856 4 |u http://www.lib.tpu.ru/fulltext/v/Bulletin_TPU/1976/v281/25_full.pdf  |z Цветная версия без потери качества 
942 |c CF